000
00317nam a2200133Ia 4500
005
20260326235439.0
008
260326s9999||||xx |||||||||||||| ||und||
100
_a
Pessoa, José
245
0
_a
Moderno e Nacional /
_c
José Pessoa
260
_b
Eduff
300
_a
221 p.
650
_a
ARQUITECTURA-GENERAL
942
_c
BK
999
_c
7354
_d
7354